000
00312nam a22001457a 4500
008
231012b ||||| |||| 00| 0 eng d
020
_a
0812691180
041
_a
eng
080
_a
521
082
_a
521DRE
100
_a
19
101
_a
ASTRO
245
_a
BEYOND THE BIG BANG
_c
DREES .B.W
942
_2
udc
_c
BK
999
_c
60437
_d
60437